Quizzes
Events
Quiz Creation
Community
Videos
Private Events
Remove Ads
Sign In
Join for FREE
Feedback
Dark Mode
Quiz Categories
Sports
Geography
Music
Movies
Television
Just For Fun
Miscellaneous
History
Literature
Language
Science
Gaming
Entertainment
Religion
Holiday
For Kids
Quiz Lab
Recent
Popular Today
Quiz Kudos Today
Editor Picks
Curator Picks
Quizzes by...
Day
Popularity
Type
Ratings
Length
Year
Community
Subscriptions
Recent Discussions
Orange Saloon
Badges
Playlists
Quests
Create
Leaderboards
Showdown
Live 5
Trivia Bingo
Activity
Puzzle Library
Sporcle Events
Private Events
Virtual Trivia
Globe League
Become a Host
Pub Owners
SporcleCon
Opinionation
Our Games
Videos
Blog
Mobile Apps
Partnerships
Remove Ads and Go Orange
Feedback
Just For Fun
Clickable
Get the Picture
Humor
Quick Pick
Word Ladder
Missing Word
Mixed Word
Blitz
Minefield
This or That
Alphabet
Color
Typing
Sporcle
Puzzle
Word Play
Follow That Line
Logic
Just For Fun
Clickable
Get the Picture
Humor
Quick Pick
Word Ladder
Missing Word
Mixed Word
Blitz
Minefield
This or That
Alphabet
Color
Typing
Sporcle
Puzzle
Word Play
Follow That Line
Logic
Random Quiz
Search Sporcle
×
Quiz Lab
Quiz Lab
Just For Fun
Word Ladder
Type in answers that appear in a list
Type in answers that appear in a list
Classic
Best Score? Go Orange.
Word ladder: Stress Avoidance Stats
Can you name the four-letter words in this survival strategy ladder?
By
Mimbleton
2m
18 Questions
93 Plays
93 Plays
93 Plays
Comments
Comments
Give Quiz Kudos
Give Quiz Kudos
-
- Ratings
hide this ad
Replay
Link that replays current quiz
Next Quiz
Link to next quiz in quiz playlist
You Got
0%
They Got
Avg Score
74%
Avg Friend Score
Upgrade to see
Score Distribution
Jump to the score distribution portion of the page
Score
0/18
Timer
02:00
0
Plays Today
Hint
Word
% Correct
60 minutes
Hour
95.6%
Listen
Hear
93.3%
• NOT MINE •
• YOUR •
90%
Reynolds, Lancaster, or Bacharach
Burt
82.2%
Sightsee
Tour
82.2%
Kind of frost
Hoar
82.2%
• HAT HOLDER •
• HEAD •
80%
Heavy metal
Lead
80%
Give, briefly
Lend
77.8%
Hint
Word
% Correct
Solid ground
Land
71.1%
Sect
Cult
70%
Indy footballer
Colt
70%
Horn note
Toot
70%
Short
Curt
68.9%
Geezer
Coot
65.6%
Extol
Tout
64.4%
• (In the) GRIT •
• SAND •
55.6%
• INTER •
• BURY •
44.4%
Quiz Playlist
Details
Report
Send in Message
Add To Playlist
Classic:
Type in answers that appear in a list
Last Updated: Feb 16, 2017
Quiz Scoreboard
CHALLENGE
Sign Up to Join the Scoreboard
Show All
Scores
Hide
Comments
May contain spoilers
Recently Published
Pick 6: Fruits
by JohnFran
Miscellaneous
15s
Click the 1999 NBA Draft
by nibperrychub
Sports
2m
Alphabetical 'K' Countries by Flag Minefield
by ylime102
Geography
3m
More to Explore
Quiz From the Vault
Featured Blog Post
15 Basketball Trivia Facts You Can Be March Mad About
hide this ad
You Might Also Like...
Tags
Word Ladder Quiz
Strategy
stress
Survival
Today's Top Quizzes in Just For Fun
Browse Just For Fun
hide this ad
Today's Top Quizzes in Word Ladder
Browse Word Ladder
Top Contributed Quizzes in Just For Fun
1
Seasons
2
Pick 6: Letters
3
Pick 6: Foods
4
Pick 6: Colors
5
Quick Pick: Spring Things
6
Just Another 1-25 Logic Puzzle
7
Four Seasons
8
Big Bang Theory Logic Puzzle
9
LogiCrossword: Seasons of Year
10
Spring Blitz
Explore More
Trending Topics
Anime
Marvel
Harry Potter
NBA
Crossword
Disney
Kpop
NFL
Puzzle
Soccer
The Office
Song
WWE
Country
Pokémon
hide this ad
More By:
Mimbleton
Quiz
Plays
Rating
Category
Featured
Created
One-Word Movie Mix-and-Match
97,841
4.55
Movies
Apr 18, 2013
What's Your Move?
91,914
4.37
Gaming
Aug 28, 2012
The 'Sweetest' Quiz
82,907
3.84
Miscellaneous
Jul 9, 2012
Clickably Spicy
73,472
3.96
Miscellaneous
Jul 26, 2012
Fictional Races
70,530
4.43
Entertainment
May 15, 2013
Go to Creator's Profile
Score Distribution
Quiz Creator Spotlight
Mimbleton
Follow
Send a Message
Quizzes Created
-
Created Quiz Play Count
-
More By This Creator
Popular Quizzes Today
1
Countries of Asia Without Outlines Minefield
2
Find the US States - No Outlines Minefield
3
Pick 6: Fruits
4
Alphabetical 'K' Countries by Flag Minefield
5
The Countries of the World
6
Find the US States
7
Match the Book to the Film X
8
US States
More Just For Fun Quizzes
Missing Word: Famous North American People
Published
Trending Quizzes
Pick 6: Harry Potter
Pick 6: Mountains
Pick 6: NFL Teams
Pick 6: Movie Franchises
Pick 6: Golfers
Recently Updated
NWSL Teams
pecheneg
Women's Final Four Teams by Year
bhenderson79
Presidents Quartet II
eogle
Anything But Clue(do)
eogle
Anything But Oceanian Capitals
eogle
Anything But 7
eogle
Anything But Thing
eogle
Word Ladder: February 29
pecheneg
Song Title Questions
pecheneg
Women's NCAA Tournament #1 Seeds
pecheneg
Trending Topics
Kpop
Anime
Marvel
NBA
Disney
Harry Potter
Crossword
Puzzle
Soccer
Pokémon
WWE
Song
Country
The Office
NFL
Your Account Isn't Verified!
In order to create a playlist on Sporcle, you need to verify the email address you used during registration. Go to your
Sporcle Settings
to finish the process.
Report this User
Report this user for behavior that violates our
Community Guidelines
.
Details:
Send Report
Go to the Sporcle.com Mobile Site →
Comments